LEADER 01301nas 2200385-a 450 001 9910890973803321 005 20260218112625.0 011 $a1972-5671 035 $a(DE-599)ZDB2387811-3 035 $a(CKB)1000000000026502 035 $a(CONSER)---90649756- 035 $a(DE-599)2387811-3 035 $a(EXLCZ)991000000000026502 100 $a19900404a19899999 --- - 101 0 $aita 200 00$aIus Ecclesiae $erivista internazionale di diritto canonico 210 $aRoma $cCentro accademico romano della Santa Croce ;$aMilano $cGiuffrè$d[1989?-] 215 $a1 online resource 311 08$aPrint version: Ius Ecclesiae : (DLC) 90649756 (OCoLC)21320177 1120-6462 531 $aRIVISTA INTERNAZIONALE DI DIRITTO CANONICO 606 $aCanon law$vPeriodicals 606 $aCanon law$2fast$3(OCoLC)fst00845910 608 $aPeriodicals.$2fast 615 0$aCanon law 615 7$aCanon law. 676 $a262.9/05 712 02$aCentro accademico romano della Santa Croce. 712 02$aAteneo romano della Santa Croce. 712 02$aPontificio Ateneo della Santa Croce. 712 02$aPontificia Universita? della Santa Croce. 906 $aJOURNAL 912 $a9910890973803321 920 $aexl_impl conversion 996 $aIus ecclesiae$9793305 997 $aUNINA